Psychologie cognitive : les mémoires - Statistiques

Statistiques générales
  • Ce quiz a été pris 136 fois
  • Le résultat moyen est 3 sur 7
Statistiques - réponses
Numéro Réponse % Correct
2 mémoire de travail/mémoire à court terme
90%
3 mémoire épisodique
75%
4 mémoire sémantique
69%
6 mémoire procédurale
55%
5 mémoire autobiographique
27%
7 mémoire prospective
8%
1 mémoire perceptive
7%
Aucun quiz correspondant
Distribution des résultats
% des personnes avec chaque résultat
Percentile par nombre de réponses
Votre historique - résultats
Vous n’avez pas pris ce quiz